Načítá se...
Bhasha sahayi
| Hlavní autor: | |
|---|---|
| Médium: | Printed Book |
| Jazyk: | Malayalam |
| Vydáno: |
Basal Vision Book Dippo
Basal Vision Book Dippo
1951
|
| LEADER | 00445nam a2200121Ia 4500 | ||
|---|---|---|---|
| 008 | 111205s9999 xx 000 0 mal d | ||
| 100 | |a Kalladi Thayyal Ramunni Nair | ||
| 245 | |a Bhasha sahayi |c Kalladi Thayyal Ramunni Nair | ||
| 260 | |b Basal Vision Book Dippo |a Basal Vision Book Dippo |c 1951 | ||
| 300 | |a 112 | ||
| 942 | |c BK | ||
| 999 | |c 203910 |d 203910 | ||
| 952 | |0 0 |1 0 |4 0 |7 0 |9 225602 |a MAL |b MAL |c ST1 |d 2011-12-05 |g 0.00 |l 0 |p MAL9208 |r 2015-04-13 |v 0.00 |w 2015-04-13 |y BK |k 1.00 | ||